000 01663cam a22003854i 4500
003 PE-LiUPU
005 20250731173212.0
008 150625s1952 ag r 000 0 spa d
035 _a(Sirsi) a32397
040 _aPE-LiUPU
_bspa
_cPE-LiUPU
_erda
082 0 4 _a209.02
_bH84
_221
100 1 _aHuby, Jose,
_eautor.
245 1 0 _aChristus :
_bManual de la historia de las religiones /
_cJosé Huby, con la colaboración de A. Le Roy y de M. M. L. de Grandmaison y otros 15
264 1 _aBuenos Aires :
_bAngelus,
_c1952.
300 _a1121 páginas :
_c20 centímetros.
336 _atext
_2rdacontent
337 _aunmediated
_2rdamedia
338 _avolume
_2rdacarrier
505 0 _aEstudio de las religiones -- La religión de los tiempos pre-historicos -- Los pueblos de cultura inferior -- La religión de los antiguos mejicanos -- Religiones y doctrinas de la china -- Las religiones del Japon -- La religión de los Persas -- El budismo antiguo y las religiones de la India -- La religión de los griegos -- La religión de los Romanos -- La religión de los celtas -- La religión de los antiguos Germanos -- La religión de los egipcios -- La religión de los Babilonicos y de los Asirios -- El Islam -- La religión de Israel -- La religión cristiana.
526 _aSEG42
526 _aSEG41
526 _aSEG40
526 _aSEG39
526 _aP94
526 _aP87
526 _aP86
526 _aP85
526 _aP77
526 _aP76
526 _aP35
650 0 _aReligiones
_xHistoria
_91026
942 _2ddc
_cBK
999 _c40044
_d40044
980 _81
_gALBERTO SANCHEZ Responsable de Automatización